Car brands that start with P - Statistics

General Stats
  • This quiz has been taken 51 times
  • The average score is 3 of 8
Answer Stats
Picture Answer % Correct
Porsche
98%
peugeot
85%
Pagani
49%
Plymouth
38%
Packard
13%
Pantera
9%
Performax
2%
Pontaic
2%
No matching quizzes found
Score Distribution
Percent of People with Each Score
Percentile by Number Answered
Your Score History
You have not taken this quiz